Statistics for Hosts and Judges of America's Got Talent

Click here to take the quiz!

General Stats

  • This quiz has been taken 11 times
  • The average score is 10 of 17

Answer Stats

Answer% Correct
Simon Cowell
100%
Howie Mandel
88%
Mel B
75%
Heidi Klum
63%
Howard Stern
63%
Nick Cannon
63%
Tyra Banks
63%
David Hasselhoff
50%
Jerry Springer
50%
Regis Philbin
50%
Sharon Osbourne
50%
Sofia Vergara
50%
Terry Crews
50%
Gabrielle Union
38%
Julianne Hough
38%
Piers Morgan
38%
Brandy
25%

Score Distribution

Percentile by Number Answered

Percent of People with Each Score

Your Score History

You have not taken this quiz